Electrical & Electronic Technology (Record no. 181869)

000 -LEADER
fixed length control field 00365nam a2200145Ia 4500
008 - FIXED-LENGTH DATA ELEMENTS--GENERAL INFORMATION
fixed length control field 220217s9999||||xx |||||||||||||| ||und||
020 ## - INTERNATIONAL STANDARD BOOK NUMBER
International Standard Book Number 9788131733660
082 ## - DEWEY DECIMAL CLASSIFICATION NUMBER
Classification number 621.381 HUG
100 ## - MAIN ENTRY--PERSONAL NAME
Personal name Hughes, Edward
245 #0 - TITLE STATEMENT
Title Electrical & Electronic Technology
250 ## - EDITION STATEMENT
Edition statement 10
260 ## - PUBLICATION, DISTRIBUTION, ETC.
Place of publication, distribution, etc. Pearson
Name of publisher, distributor, etc. Noida
Date of publication, distribution, etc. 2011
300 ## - PHYSICAL DESCRIPTION
Extent 783
Other physical details 550
650 ## - SUBJECT ADDED ENTRY--TOPICAL TERM
Topical term or geographic name entry element ELECTRONICS
Holdings
Withdrawn status Lost status Damaged status Not for loan Collection code Home library Current library Shelving location Date acquired Full call number Barcode Date last seen Price effective from Koha item type
        Electronics and Communication Engineering Central Library Central Library Book Cart 02/18/2022 621.381 HUG 17058 02/18/2022 02/18/2022 Books

Powered by Koha